NFL Top 100 Players of 2022 - Statistics

General Stats
  • This quiz has been taken 205 times
  • The average score is 75 of 100
Answer Stats
Rank Team Position Answer % Correct
1. Buccaneers QB Tom Brady
99%
4. Rams WR Cooper Kupp
97%
7. Packers WR Davante Adams
97%
2. Rams DT Aaron Donald
96%
3. Packers QB Aaron Rodgers
96%
12. Titans RB Derrick Henry
96%
15. Chiefs WR Tyreek Hill
96%
9. Rams CB Jalen Ramsey
95%
71. Eagles C Jason Kelce
95%
88. Washington Football Team DT Jonathan Allen
95%
5. Colts RB Jonathan Taylor
95%
13. Bills QB Josh Allen
95%
17. Vikings WR Justin Jefferson
95%
35. Chargers WR Keenan Allen
95%
8. Chiefs QB Patrick Mahomes
95%
6. Steelers LB T.J. Watt
95%
10. Chiefs TE Travis Kelce
95%
14. 49ers OT Trent Williams
94%
19. 49ers WR Deebo Samuel
93%
22. 49ers TE George Kittle
93%
21. Bengals QB Joe Burrow
93%
97. Giants DT Leonard Williams
93%
11. Browns DE Myles Garrett
93%
24. Bengals WR Ja'Marr Chase
92%
16. Cowboys LB Micah Parsons
92%
25. 49ers DE Nick Bosa
92%
72. Seahawks S Quandre Diggs
92%
26. Bills WR Stefon Diggs
92%
23. Cowboys CB Trevon Diggs
92%
30. Chargers LB Joey Bosa
91%
33. Browns RB Nick Chubb
91%
39. Chiefs DT Chris Jones
90%
36. Ravens QB Lamar Jackson
90%
85. Patriots QB Mac Jones
90%
27. Rams QB Matthew Stafford
90%
62. Cardinals LB Chandler Jones
89%
44. Cowboys QB Dak Prescott
89%
20. Patriots CB J.C. Jackson
89%
32. Ravens TE Mark Andrews
89%
31. Vikings RB Dalvin Cook
88%
38. Bengals RB Joe Mixon
88%
40. Chargers QB Justin Herbert
88%
53. Buccaneers WR Mike Evans
86%
51. Saints RB Alvin Kamara
85%
29. Seahawks LB Bobby Wagner
84%
57. Cardinals QB Kyler Murray
84%
37. Cardinals WR DeAndre Hopkins
83%
61. Seahawks QB Russell Wilson
83%
43. Chargers S Derwin James
82%
63. Dolphins WR Jaylen Waddle
81%
65. Raiders QB Derek Carr
80%
47. 49ers LB Fred Warner
80%
46. Chargers RB Austin Ekeler
77%
59. Raiders DE Maxx Crosby
77%
84. Bears LB Roquan Smith
77%
92. Cowboys OT Tyron Smith
77%
67. Cardinals S Budda Baker
75%
95. Cowboys WR CeeDee Lamb
75%
99. Vikings QB Kirk Cousins
75%
68. Cowboys OG Zack Martin
75%
28. Colts OG Quenton Nelson
74%
42. Steelers DT Cameron Heyward
73%
94. Ravens K Justin Tucker
73%
41. Buccaneers OT Tristan Wirfs
72%
58. Raiders TE Darren Waller
70%
66. Colts DT DeForest Buckner
70%
91. Falcons TE Kyle Pitts
70%
69. Saints DE Cameron Jordan
68%
54. Titans DT Jeffery Simmons
68%
81. Broncos S Justin Simmons
68%
77. Eagles CB Darius Slay
67%
45. Bills S Jordan Poyer
66%
80. Cardinals RB James Conner
65%
78. Bengals DE Trey Hendrickson
64%
56. Dolphins CB Xavien Howard
62%
34. Titans S Kevin Byard
60%
89. Saints CB Marshon Lattimore
60%
52. Patriots LB Matthew Judon
60%
18. Colts LB Shaquille Leonard
60%
87. Browns CB Denzel Ward
59%
96. 49ers S Jimmie Ward
59%
76. Panthers DE Brian Burns
58%
74. Saints LB Demario Davis
58%
64. Buccaneers LB Devin White
55%
50. Bills S Micah Hyde
55%
75. Buccaneers S Antoine Winfield Jr.
54%
70. Chiefs S Tyrann Mathieu
53%
98. Bears RB David Montgomery
52%
90. Rams WR Odell Beckham Jr.
47%
100. 49ers FB Kyle Juszczyk
44%
55. Browns OG Joel Bitonio
43%
73. Falcons RB Cordarelle Patterson
42%
83. Browns OG Wyatt Teller
38%
86. Buccaneers LB Shaquil Barrett
37%
82. Colts CB Kenny Moore II
34%
79. Chargers OT Rashawn Slater
33%
60. Chargers C Corey Linsley
32%
93. Rams LB Von Miller
32%
49. Packers LB De'Vondre Campbell
27%
48. Bears DE Robert Quinn
20%
No matching quizzes found
Score Distribution
Percent of People with Each Score
Percentile by Number Answered
Your Score History
You have not taken this quiz